World class supply Management (Record no. 439)

MARC details
000 -LEADER
fixed length control field 00444nam a22001697a 4500
005 - DATE AND TIME OF LATEST TRANSACTION
control field 20160503095434.0
008 - FIXED-LENGTH DATA ELEMENTS--GENERAL INFORMATION
fixed length control field 160503b xxu||||| |||| 00| 0 eng d
020 ## - INTERNATIONAL STANDARD BOOK NUMBER
ISBN 0-7-049933-0
041 ## - LANGUAGE CODE
Language code of text/sound track or separate title eng
082 ## - DEWEY DECIMAL CLASSIFICATION NUMBER
Item number 1131
100 ## - MAIN ENTRY--AUTHOR NAME
Personal name Bort N. David Dobler W Donald Starling L. Stephen
245 ## - TITLE STATEMENT
Title World class supply Management
260 ## - PUBLICATION, DISTRIBUTION, ETC. (IMPRINT)
Place of publication New Delhi
Name of publisher Tata MC Graw Hill,
Year of publication 2004
300 ## - PHYSICAL DESCRIPTION
Number of Pages 689
650 ## - SUBJECT ADDED ENTRY--TOPICAL TERM
Topical Term Management
942 ## - ADDED ENTRY ELEMENTS (KOHA)
Koha item type Books
Holdings
Lost status Damaged status Home library Date acquired Cost, normal purchase price Full call number Accession Number Koha item type
    JRU Library 03/05/2016 350.00 1131 1131 Books